| 000 | 00581nam a22001937a 4500 | ||
|---|---|---|---|
| 003 | OSt | ||
| 005 | 20180116183032.0 | ||
| 008 | 151222b xxu||||| |||| 00| 0 eng d | ||
| 020 | _a05-273-89-1 | ||
| 024 | _205-273-89-1 | ||
| 040 | _cLahore LUMS | ||
| 082 | _a 174.4 LUM 1989 | ||
| 100 | _aQureshi Z I, Sharif H L | ||
| 245 |
_aSHAKARGANJ MILLS LIMITED- WORKERS STRIKE (A) _cQureshi Z I, Sharif H L |
||
| 260 |
_aLahore LUMS _b Lahore University of Management Sciences _c1989 |
||
| 300 | _a11 p. | ||
| 440 | _aSHAKARGANJ MILLS LIMITED- WORKERS STRIKE (A) | ||
| 942 |
_2ddc _cCS |
||
| 999 |
_c351059 _d351059 |
||